<?xml version="1.0" encoding="UTF-8"?><?xml-stylesheet type="text/xsl" href="static/style.xsl"?><OAI-PMH xmlns="http://www.openarchives.org/OAI/2.0/" xmlns:xsi="http://www.w3.org/2001/XMLSchema-instance" xsi:schemaLocation="http://www.openarchives.org/OAI/2.0/ http://www.openarchives.org/OAI/2.0/OAI-PMH.xsd"><responseDate>2026-04-17T07:58:35Z</responseDate><request verb="GetRecord" identifier="oai:www.recercat.cat:10459.1/31363" metadataPrefix="marc">https://recercat.cat/oai/request</request><GetRecord><record><header><identifier>oai:recercat.cat:10459.1/31363</identifier><datestamp>2024-12-05T21:37:26Z</datestamp><setSpec>com_2072_3622</setSpec><setSpec>col_2072_479130</setSpec></header><metadata><record xmlns="http://www.loc.gov/MARC21/slim" xmlns:dcterms="http://purl.org/dc/terms/" xmlns:xsi="http://www.w3.org/2001/XMLSchema-instance" xmlns:doc="http://www.lyncode.com/xoai" xsi:schemaLocation="http://www.loc.gov/MARC21/slim http://www.loc.gov/standards/marcxml/schema/MARC21slim.xsd">
   <leader>00925njm 22002777a 4500</leader>
   <datafield ind2=" " ind1=" " tag="042">
      <subfield code="a">dc</subfield>
   </datafield>
   <datafield ind2=" " ind1=" " tag="720">
      <subfield code="a">Vicedo i Rius, Enric</subfield>
      <subfield code="e">author</subfield>
   </datafield>
   <datafield ind2=" " ind1=" " tag="260">
      <subfield code="c">2011-04-01T10:45:23Z</subfield>
   </datafield>
   <datafield ind2=" " ind1=" " tag="260">
      <subfield code="c">2011-04-01T10:45:23Z</subfield>
   </datafield>
   <datafield ind2=" " ind1=" " tag="260">
      <subfield code="c">2008</subfield>
   </datafield>
   <datafield ind2=" " ind1=" " tag="520">
      <subfield code="a">En el presente trabajo se analiza el origen del almudí de Lérida –mercado de granos de la ciudad, su funcionamiento y su papel en el territorio. En base a la mercurial de Lérida, hemos elaborado una nueva serie de los precios del trigo siguiendo el año agrícola y utilizando cinco mercados, uno por semana. Finalmente, se presenta un primer estudio comparativo para el periodo 1757/58-1807/08 entre estos precios de Lérida y los de Barcelona, elaborados con la misma metodología. Las fuentes principales son los registros de precios y las actas del ayuntamiento de Lérida. Los precios del almudí serán un referente para el conjunto de la Cataluña occidental y el Aragón oriental. A pesar de que el mercado de Lérida está poco regulado, en los momentos de crisis de la segunda mitad del siglo XVIII y en el primer tercio de la siguiente centuria, la municipalidad realiza diversas acciones a favor de los vecinos más necesitados. Estas iniciativas nos remiten a la economía moral. Si bien los nuevos precios de Lérida son, en general, muy similares a los equivalentes realizados con el mercado central del mes, las diferencias son muy significativas para determinados momentos críticos. Este hecho confirma la necesidad de elaborar precios de mayor calidad para los diferentes mercados catalanes y españoles. Finalmente, la comparación de los precios de Lérida y Barcelona del período 1777/78-1807/08 con 1757/58-1776/77, permite confirmar que las coyunturas críticas del último tercio del siglo XVIII y comienzos del siglo XIX provocan respuestas de los diferentes agentes económicos de la Cataluña occidental que retrasan temporalmente la transferencia de la información que reflejan los precios de Barcelona a los precios del almudí de Lérida.</subfield>
   </datafield>
   <datafield ind1="8" ind2=" " tag="024">
      <subfield code="a">http://hdl.handle.net/10459.1/31363</subfield>
   </datafield>
   <datafield tag="653" ind2=" " ind1=" ">
      <subfield code="a">Precios</subfield>
   </datafield>
   <datafield tag="653" ind2=" " ind1=" ">
      <subfield code="a">Mercados</subfield>
   </datafield>
   <datafield tag="653" ind2=" " ind1=" ">
      <subfield code="a">Fuentes y métodos</subfield>
   </datafield>
   <datafield tag="653" ind2=" " ind1=" ">
      <subfield code="a">Cataluña</subfield>
   </datafield>
   <datafield tag="653" ind2=" " ind1=" ">
      <subfield code="a">Preus -- Catalunya -- Història -- S. XVIII-XIX</subfield>
   </datafield>
   <datafield tag="653" ind2=" " ind1=" ">
      <subfield code="a">Mercats -- Catalunya -- Història -- S.XVIII-XIX</subfield>
   </datafield>
   <datafield tag="653" ind2=" " ind1=" ">
      <subfield code="a">Catalunya -- Condicions econòmiques -- S.XVIII-XIX</subfield>
   </datafield>
   <datafield ind2="0" ind1="0" tag="245">
      <subfield code="a">Mercado y precios. El Almudí de Lérida, 1700-1833</subfield>
   </datafield>
</record></metadata></record></GetRecord></OAI-PMH>